Widok standardowy
Widok MARC
Pozycja Corporate Name
Liczba rekordów, w których użyto hasła: 1
001 - Numer kontrolny
- control field: 38244
003 - Identyfikator numeru kontrolnego
- control field: NUKAT
005 - Data i czas ostatniej modyfikacji
- control field: 20260317130207.0
008 - Dane kontrolne kodowane (40 znaków)
- fixed length control field: 260317n||a|znnaabn |a ana |c
010 ## - Numer kontrolny Biblioteki Kongresu
- numer kontrolny LC: n 2026048369
040 ## - Instytucja sporządzająca rekord
- inst. przygot. dane do rek. khw: OLSZT 008/bak
- język haseł przedmiotowych/tezaurus: kaba
- inst. wprow. rek. khw: OLSZT 008/bak
043 ## - Kod obszaru geograficznego
- ISO code: PL
046 ## - Special dates
- Start period: 1989
110 2# - Hasło - nazwa ciała zbiorowego
- nazwa ciała zbior. lub geogr. na pocz.: Stowarzyszenie Naukowe Archeologów Polskich.
- nazwa jednostki podrzędnej: Oddział (Olsztyn).
410 2# - Trop zob. - nazwa ciała zbiorowego
- nazwa ciała zbior. lub geogr. na pocz.: Stowarzyszenie Naukowe Archeologów Polskich.
- nazwa jednostki podrzędnej: Oddział w Olsztynie.
410 2# - Trop zob. - nazwa ciała zbiorowego
- nazwa ciała zbior. lub geogr. na pocz.: Olsztyński Oddział Stowarzyszenia Naukowego Archeologów Polskich.
410 2# - Trop zob. - nazwa ciała zbiorowego
- nazwa ciała zbior. lub geogr. na pocz.: Oddział Stowarzyszenia Naukowego Archeologów Polskich w Olsztynie.
410 2# - Trop zob. - nazwa ciała zbiorowego
- nazwa ciała zbior. lub geogr. na pocz.: SNAP Oddział w Olsztynie.
670 ## - Źródło informacji
- źródło informacji: Przedwojenne muzea regionalne z terenu dawnych Prus Wschodnich i losy ich kolekcji / red. Alicja Dobrosielska, Kacper Martyka. - Olsztyn, 2025.
- gdzie znaleziono informację: Instytucja sprawcza, wyd.: s. tyt.: (Stowarzyszenie Naukowe Archeologów Polskich Oddział w Olsztynie), s. red.: (SNAP Oddział w Olsztynie)
670 ## - Źródło informacji
- źródło informacji: pl.wikipedia, 17.03.20226
- adres internetowy: https://pl.wikipedia.org/wiki/Stowarzyszenie_Naukowe_Archeolog%C3%B3w_Polskich